Groupes ultras en France - Statistiques

Statistiques générales
  • Ce quiz a été pris 621 fois
  • Le résultat moyen est 31 sur 40
Statistiques - réponses
Groupes ultras Réponse % Correct
Collectif Ultras Paris, K-Soce Team, Karsud... PSG
98%
Ultras Monaco 1994 AS Monaco
97%
Brigade Loire, Allez Nantes Canaris FC Nantes
97%
Commando Ultras 84, Fanatics, Dodger's, MTP, South Winners... OM
97%
Bad Gones 1987, Lyon 1987, Lugdunum 93... OL
96%
Red Tigers, KSO, Bollaert Boys... RC Lens
95%
Ultras Auxerre AJ Auxerre
93%
Ultramarines 1987 FC Girondins de Bordeaux
93%
Gruppa Metz, Horda Frenetik FC Metz
93%
Barbarians Havrais 93, Kop Ciel et Marine Havre Athletic Club
93%
Brigade Sud Nice OGC Nice
93%
Gladiators Nîmes 1991 Nîmes Olympique
92%
Dogues Virage Est, Rijsel Spirit, Dogues d'Honneur LOSC
91%
Bastia 1905 SC Bastia
91%
Niort 1925 Chamois Niortais FC
90%
Tribune Nord Sochaux FCSM
90%
Ultras Brestois Stade Brestois
90%
Magic Fans, Green Angels ASSE
89%
STUP Pau Pau FC
89%
Roazhon Celtic Kop Stade Rennais
89%
NVDRS/Indians Tolosa TFC
88%
Magic Troyes 1997 ESTAC Troyes
87%
Laval Crew Stade Lavallois Mayenne FC
86%
Merlus Ultras FC Lorient
85%
Armata Ultras, Ultras Butte Paillade Montpellier HSC
84%
Malherbe Normandy Kop Stade Malherbe Caen
84%
Ultrem Stade de Reims
76%
Ultras Boys RC de Strasbourg Alsace
72%
Kop de la Butte 1992 Angers SCO
71%
Ultras Lutetia, Old Clan Paris FC
69%
Orsi Ribelli AC Ajaccio
68%
Nemetum Ultras Clermont Foot 63
57%
Lingon's Boys DFCO
55%
Kop Rouge En Avant Guingamp
54%
Red Kaos 94, Diables Bleus GF38
52%
Kop Ruthénois Rodez Aveyron Football
48%
Raiders 74 FC Annecy
45%
Kop Tribune Nord Amiens SC
42%
Ultras Roisters VAFC
41%
Young Block Quevilly Rouen Métropole
23%
Aucun quiz correspondant
Distribution des résultats
% des personnes avec chaque résultat
Percentile par nombre de réponses
Votre historique - résultats
Vous n’avez pas pris ce quiz